NFL Draft 2020 Quarterbacks Drafted - Statistics

General Stats
  • This quiz has been taken 64 times
  • The average score is 6 of 13
Answer Stats
Round Player Team College % Correct
2 Jalen Hurts Eagles Oklahoma
100%
1 Joe Burrow Bengals Louisiana State
100%
1 Jordan Love Packers Utah State
100%
1 Justin Herbert Chargers Oregon
100%
1 Tua Tagovailoa Dolphins Alabama
100%
5 Jake Fromm Bills Georgia
37%
7 Ben DiNucci Cowboys James Madison
15%
4 Jacob Eason Colts Washington
13%
6 Jake Luton Jaguars Oregon State
12%
4 James Morgan Jets Florida International
6%
7 Cole McDonald Titans Hawaii
4%
7 Nate Stanley Vikings Iowa
4%
7 Tommy Stevens Saints Mississippi State
2%
No matching quizzes found
Score Distribution
Percent of People with Each Score
Percentile by Number Answered
Your Score History
You have not taken this quiz